<?xml version="1.0" encoding="UTF-8"?><?xml-stylesheet type="text/xsl" href="static/style.xsl"?><OAI-PMH xmlns="http://www.openarchives.org/OAI/2.0/" xmlns:xsi="http://www.w3.org/2001/XMLSchema-instance" xsi:schemaLocation="http://www.openarchives.org/OAI/2.0/ http://www.openarchives.org/OAI/2.0/OAI-PMH.xsd"><responseDate>2026-04-13T18:24:50Z</responseDate><request verb="GetRecord" identifier="oai:www.recercat.cat:2072/456459" metadataPrefix="marc">https://recercat.cat/oai/request</request><GetRecord><record><header><identifier>oai:recercat.cat:2072/456459</identifier><datestamp>2024-11-18T01:40:43Z</datestamp><setSpec>com_2072_98</setSpec><setSpec>col_2072_378192</setSpec></header><metadata><record xmlns="http://www.loc.gov/MARC21/slim" xmlns:dcterms="http://purl.org/dc/terms/" xmlns:xsi="http://www.w3.org/2001/XMLSchema-instance" xmlns:doc="http://www.lyncode.com/xoai" xsi:schemaLocation="http://www.loc.gov/MARC21/slim http://www.loc.gov/standards/marcxml/schema/MARC21slim.xsd">
   <leader>00925njm 22002777a 4500</leader>
   <datafield ind2=" " ind1=" " tag="042">
      <subfield code="a">dc</subfield>
   </datafield>
   <datafield ind2=" " ind1=" " tag="720">
      <subfield code="a">Moreno Vidal, Carmen Fabiola</subfield>
      <subfield code="e">author</subfield>
   </datafield>
   <datafield ind2=" " ind1=" " tag="260">
      <subfield code="c">2021</subfield>
   </datafield>
   <datafield ind2=" " ind1=" " tag="520">
      <subfield code="a">La portada del templo de Nuestra Señora de Loreto, es de estilo plateresco ya que presenta elementos del románico, del arte gótico como el rosetón y del mudéjar como el alfiz. Pero lo más sobresaliente y que comprende lo sustantivo de este trabajo es la utilización, de forma un tanto velada, de elementos, figuras y símbolos prehispánicos distribuidos por toda la portada a manera de decoración, desde las basas de columnas y jambas, con glifos del maíz, estrellas y agave, pasando por fustes con plantas de calabaza, los capiteles con representaciones del cielo mexica, llegando a la cruz, elemento común en forma y significado a ambas culturas y rematando en el rosetón, elemento que representa el cosmos cuyo significado cósmico se halla reforzado con los símbolos prehispánicos del movimiento de los astros como el Ōlin y Nahui-Ōlin.</subfield>
   </datafield>
   <datafield ind2=" " ind1=" " tag="520">
      <subfield code="a">The façade of the temple of Nuestra Señora de Loreto belongs to the Plateresque style as it presents elements of Romanesque, Gothic art such as the rose window and Mudejar such as the alfiz. But the most outstanding thing that includes the substance of this work is the use, in a somewhat veiled way, of pre-Hispanic elements, figures and symbols distributed throughout the cover as decoration, from the bases of columns and jambs, with glyphs of the corn, stars and agave, passing through shafts with pumpkin plants, the capitals with representations of the Mexica sky, reaching the cross, an element common in form and meaning to both cultures and ending in the rose window, an element that represents the cosmos whose cosmic meaning it is reinforced with the preHispanic symbols of the movement of the stars such as the Ōlin and Nahui-Ōlin.</subfield>
   </datafield>
   <datafield tag="653" ind2=" " ind1=" ">
      <subfield code="a">Molango</subfield>
   </datafield>
   <datafield tag="653" ind2=" " ind1=" ">
      <subfield code="a">Façade</subfield>
   </datafield>
   <datafield tag="653" ind2=" " ind1=" ">
      <subfield code="a">Glyph</subfield>
   </datafield>
   <datafield tag="653" ind2=" " ind1=" ">
      <subfield code="a">Corn</subfield>
   </datafield>
   <datafield tag="653" ind2=" " ind1=" ">
      <subfield code="a">Pumpkin</subfield>
   </datafield>
   <datafield tag="653" ind2=" " ind1=" ">
      <subfield code="a">Maguey</subfield>
   </datafield>
   <datafield tag="653" ind2=" " ind1=" ">
      <subfield code="a">Nahui-ōlin</subfield>
   </datafield>
   <datafield tag="653" ind2=" " ind1=" ">
      <subfield code="a">Portada</subfield>
   </datafield>
   <datafield tag="653" ind2=" " ind1=" ">
      <subfield code="a">Glifo</subfield>
   </datafield>
   <datafield tag="653" ind2=" " ind1=" ">
      <subfield code="a">Maíz</subfield>
   </datafield>
   <datafield tag="653" ind2=" " ind1=" ">
      <subfield code="a">Calabaza</subfield>
   </datafield>
   <datafield ind2="0" ind1="0" tag="245">
      <subfield code="a">Análisis Iconográfico de la Portada del Templo Nuestra Señora de Loreto, en Molango, Hidalgo</subfield>
   </datafield>
</record></metadata></record></GetRecord></OAI-PMH>